000 00940nam a2200301 i 4500
003 EG-GICUC
005 20260423130829.0
008 260423s1980 fr ||||fr|||| 000 0 eng d
040 _aEG-GiCUC
_bfre
_cEG-GiCUC
_dEG-GiCUC
_eRda
041 0 _afre
082 0 4 _221
_a343
_bSA . D
092 0 4 _221
099 _aLaw1 10 343 SA . D 1980
100 1 _aSaisse, Louis
_eAuteur
245 1 0 _aDictionnaire Français - Arabe:
_cLouis Saisse; Iskandar Chéhata.
264 1 _aLibanon:
_bLibrairie Du Liban,
_c1980.
300 _a423 page :
_billustration ;
_c 24 cm.
336 _2rda contenu
_a texte
337 _2rda medias
_aOrdinateur
338 _2 transporteur rda
_a Ressource en ligne
546 _aTexte en français
650 1 _aCriminal law
_2qrmak
651 1 _2qrmak
700 1 _aIskandar Chéhata
_eCo-Auteur
856 4 0 _uhttps://fll.law.cu.edu.eg/fulltext/bks/B10-11168.pdf
905 _a158
942 _2ddc
_n0
_cBK
_e21
999 _c73076
_d73076